Electronic commerce / (Record no. 283762)
[ view plain ]
| 000 -LEADER | |
|---|---|
| fixed length control field | 00549nam a2200181 a 4500 |
| 003 - CONTROL NUMBER IDENTIFIER | |
| control field | PILC |
| 005 - DATE AND TIME OF LATEST TRANSACTION | |
| control field | 20150317095224.0 |
| 008 - FIXED-LENGTH DATA ELEMENTS--GENERAL INFORMATION | |
| fixed length control field | 030809s mau 000 0 eng d |
| 020 ## - INTERNATIONAL STANDARD BOOK NUMBER | |
| International Standard Book Number | 0619033789 |
| 050 00 - LIBRARY OF CONGRESS CALL NUMBER | |
| Classification number | HF 5548.32 |
| Item number | .Sch36 2001 |
| 100 1# - MAIN ENTRY--PERSONAL NAME | |
| Personal name | Schneider, Gary P., |
| Dates associated with a name | 1952- |
| 245 10 - TITLE STATEMENT | |
| Title | Electronic commerce / |
| Statement of responsibility, etc | Gary P. Schneider and James T. Perry. |
| 260 ## - PUBLICATION, DISTRIBUTION, ETC. (IMPRINT) | |
| Place of publication, distribution, etc | Boston : |
| Name of publisher, distributor, etc | Course Technology, |
| Date of publication, distribution, etc | c2001. |
| 300 ## - PHYSICAL DESCRIPTION | |
| Extent | xviii, 478 pages : |
| Other physical details | illustrations ; |
| Dimensions | 24 cm. |
| 650 #0 - SUBJECT ADDED ENTRY--TOPICAL TERM | |
| Topical term or geographic name as entry element | Electronic commerce. |
| 700 1# - ADDED ENTRY--PERSONAL NAME | |
| Personal name | Perry, James T. |
| 942 ## - ADDED ENTRY ELEMENTS (KOHA) | |
| Source of classification or shelving scheme | Library of Congress Classification |
| Koha item type | Books |
| Withdrawn status | Lost status | Source of classification or shelving scheme | Damaged status | Home library | Current library | Shelving location | Date acquired | Source of acquisition | Sub Shelving location | Total Checkouts | Full call number | Barcode | Date last seen | Price effective from | Koha item type | Total Renewals | Date checked out |
|---|---|---|---|---|---|---|---|---|---|---|---|---|---|---|---|---|---|
| Library of Congress Classification | Southville International School Affiliated with Foreign Universities Library | Southville International School Affiliated with Foreign Universities Library | Southville Foreign University Section | 03/17/2015 | Library Fund | HF 5548.32 .Sch36 2001 | SFU1801 | 05/15/2018 | 03/17/2015 | Books | |||||||
| Library of Congress Classification | Southville International School Affiliated with Foreign Universities Library | Southville International School Affiliated with Foreign Universities Library | Southville Foreign University Section | 03/17/2015 | Library Fund | 1 | HF 5548.32 .Sch36 2001 | SFU1802 | 05/15/2018 | 03/17/2015 | Books | 2 | 02/06/2016 | ||||
| Library of Congress Classification | Southville International School Affiliated with Foreign Universities Library | Southville International School Affiliated with Foreign Universities Library | Southville Foreign University Section | 03/17/2015 | Library Fund | HF 5548.32 .Sch36 2001 | SFU1803 | 05/15/2018 | 03/17/2015 | Books | |||||||
| Library of Congress Classification | Southville International School Affiliated with Foreign Universities Library | Southville International School Affiliated with Foreign Universities Library | Southville Foreign University Section | 06/11/2020 | Donation | HF 5548.32 .Sch36 2001 | SFU0609 | 06/11/2020 | 06/11/2020 | Books |